000 00444nam a2200181Ia 4500
001 24119
005 20260414151022.0
008 260414t2006||||xx |||||||||||||| ||spa||
041 _aESP
082 _a780.94
_bL88
100 _aLópez Pérez, Carmela
_eAUT
245 0 _aRafael de Moncada :
_bmemoria de un trombón
260 _c2006
300 _a205 páginas :
_c23 cm.
650 _aABD
654 _aCAU
942 _cLIB
_dJUS
_fJUS
_2ddc
_n
999 _c24119
_d24119